| 000 | 00378nam a2200145Ia 4500 | ||
|---|---|---|---|
| 008 | 191201s2005 xx 000 0 und d | ||
| 082 |
_a004 _bCHA |
||
| 100 | _aCHOUDHURY, Subhadeep | ||
| 245 | 2 | _aA to Z of PC Hardware and Maintenance | |
| 250 | _a1st | ||
| 260 |
_aN.Delhi _bTata Mc Graw Hill Pub. co. Ltd _c2005 |
||
| 300 | _a30.68 | ||
| 650 | _aB.Tech(CSE) | ||
| 942 |
_2ddc _cBK |
||
| 999 |
_c1241 _d1241 |
||